Dictionary of idioms and phrases / (Record no. 27932)

MARC details
000 -LEADER
fixed length control field 00793nam a22002175a 4500
005 - DATE AND TIME OF LATEST TRANSACTION
control field 20090627120430.0
008 - FIXED-LENGTH DATA ELEMENTS--GENERAL INFORMATION
fixed length control field 090114s2009 wau 000 0 eng
010 ## - LCCN (DPL NO)
LC control number ENG-94257
020 ## - INTERNATIONAL STANDARD BOOK NUMBER
International Standard Book Number 8188872075
Terms of availability 495.00
035 ## - SYSTEM CONTROL NUMBER
System control number EN-77790
037 ## - SOURCE OF ACQUISITION
Source of stock number/acquisition DBAD / PUB
040 ## - CATALOGING SOURCE
Original cataloging agency dpl
Language of cataloging English
082 ## - DEWEY DECIMAL CLASSIFICATION NUMBER
Classification number 483.103
100 ## - MAIN ENTRY--PERSONAL NAME
Personal name Gautam, V.
245 ## - TITLE STATEMENT
Title Dictionary of idioms and phrases /
Statement of responsibility, etc by V. Gautam
260 ## - PUBLICATION, DISTRIBUTION, ETC. (IMPRINT)
Place of publication, distribution, etc Delhi
Name of publisher, distributor, etc Garima Books
Date of publication, distribution, etc 2008
270 ## - ADDRESS
Address 6/40, Mohalla Maharam, Gali Aryasamaj, Shahdhara
City Delhi
Postal code 110032
300 ## - PHYSICAL DESCRIPTION
Extent 270p.
Dimensions 23cm(Hb)
942 ## - ADDED ENTRY ELEMENTS (KOHA)
Source of classification or shelving scheme Dewey Decimal Classification
Item type English Books
Call number suffix GAU
Classification part 483.103
Holdings
Withdrawn status Lost status Source of classification or shelving scheme Damaged status Not for loan Collection code Home library Current library Date acquired Source of acquisition Cost, normal purchase price Total Checkouts Full call number Barcode Date last seen Copy number Cost, replacement price Koha item type
    Dewey Decimal Classification   Not For Loan Non-fiction D.B.Act.Division D.B.Act.Division 27/06/2009 DBAD / PUB 495.00   483.103 GAU EN-77790 27/06/2009 1 495.00 English Books

© Delhi Public Library
Hit Counter
free hit counter